[Event "NOR-ch Class1"]
[Site "Sarpsborg"]
[Date "2018.07.06"]
[Round "1"]
[White "Gronn, Eskil Ekeland"]
[Black "Afsari Rad, Aidin"]
[Result "0-1"]
[WhiteElo "1878"]
[BlackElo "1786"]
[PlyCount "46"]
[EventDate "2018.07.07"]
[EventType "swiss"]
[EventRounds "9"]
[EventCountry "NOR"]
[SourceTitle "EXT 2024"]
[Source "ChessBase"]
[SourceDate "2023.10.10"]
[SourceVersion "1"]
[SourceVersionDate "2023.10.10"]
[SourceQuality "1"]

1. d4 Nf6 2. Nc3 d5 3. Bg5 Nbd7 4. Qd3 h6 5. Bf4 c6 6. g4 g5 7. Bg3 Nxg4 8. e4 dxe4 9. Nxe4 Ngf6 10. f3 Qa5+ 11. c3 Nh5 12. Qe3 Bg7 13. Bd6 exd6 14. Nxd6+ Kd8 15. Nxf7+ Kc7 16. Nxh8 Bxh8 17. Qe8 Bxd4 18. Ne2 Nhf6 19. Qg6 Be3 20. Qd3 Qe5 21. Rd1 Qe7 22. Ng3 Bb6+ 23. Be2 Ne5 0-1

[Event "NOR-ch U20"]
[Site "Stavanger"]
[Date "2017.07.07"]
[Round "8"]
[White "Gronn, Eskil Ekeland"]
[Black "Mikelsen, Mattis"]
[Result "0-1"]
[WhiteElo "1914"]
[BlackElo "1764"]
[PlyCount "72"]
[EventDate "2017.07.01"]
[EventType "swiss"]
[EventRounds "9"]
[EventCountry "NOR"]
[SourceTitle "EXT 2018"]
[Source "ChessBase"]
[SourceDate "2017.10.13"]
[SourceVersion "1"]
[SourceVersionDate "2017.10.13"]
[SourceQuality "1"]

1. d4 d5 2. Nc3 Nf6 3. Bg5 Bf5 4. Nf3 Ne4 5. Bh4 c6 6. Nxe4 Bxe4 7. e3 Qa5+ 8. c3 Nd7 9. Bd3 Bg6 10. 0-0 e6 11. a4 Bd6 12. b4 Qc7 13. h3 e5 14. dxe5 Nxe5 15. Nxe5 Bxe5 16. Qd2 f6 17. Qc2 Bxd3 18. Qxd3 0-0 19. f4 Bd6 20. g4 Rae8 21. Rf3 Re4 22. Kg2 a5 23. b5 Rfe8 24. Bf2 Qc8 25. Qd2 Rc4 26. bxc6 bxc6 27. f5 Ree4 28. Bg3 Bxg3 29. Rxg3 Rxa4 30. Rf1 h6 31. h4 Rxg4 32. Rxg4 Rxg4+ 33. Kh3 h5 34. c4 Qc7 35. Rf4 Rxf4 36. exf4 Qd7 0-1

[Event "NOR-ch U20"]
[Site "Stavanger"]
[Date "2017.07.04"]
[Round "5"]
[White "Greibrokk, Ingrid Andrea"]
[Black "Gronn, Eskil Ekeland"]
[Result "1/2-1/2"]
[WhiteElo "1868"]
[BlackElo "1914"]
[PlyCount "213"]
[EventDate "2017.07.01"]
[EventType "swiss"]
[EventRounds "9"]
[EventCountry "NOR"]
[SourceTitle "EXT 2018"]
[Source "ChessBase"]
[SourceDate "2017.10.13"]
[SourceVersion "1"]
[SourceVersionDate "2017.10.13"]
[SourceQuality "1"]

1. e4 c5 2. Nf3 d6 3. d4 cxd4 4. Nxd4 Nf6 5. Nc3 Nc6 6. Bg5 Bd7 7. Qd2 Rc8 8. 0-0-0 Nxd4 9. Qxd4 Qa5 10. f4 h6 11. Bh4 g5 12. e5 gxh4 13. exf6 e6 14. Bc4 Qc5 15. Bb3 Rg8 16. Qxc5 dxc5 17. Rd2 a6 18. a4 Rg6 19. Re1 c4 20. Ba2 Bb4 21. Rd4 Bxc3 22. bxc3 Rxg2 23. Bxc4 Bxa4 24. Bd5 Rxc2+ 25. Kb1 R2xc3 26. Rxa4 R3c5 27. Ba2 Rf5 28. Rg1 Kf8 29. Rg4 Rxf6 30. Rxh4 Rg6 31. Bb3 Kg7 32. Rd4 Rc5 33. Rd7 Rb5 34. Kc2 Kf6 35. f5 Rxf5 36. Rxb7 Rg2+ 37. Kc3 Rf3+ 38. Kb4 Kg5 39. Rc4 Rxh2 40. Rc5+ Kg6 41. Ka5 h5 42. Kxa6 h4 43. Rb4 h3 44. Bc2+ f5 45. Rb6 Re2 46. Rcc6 h2 47. Rxe6+ Kg5 48. Rg6+ Kf4 49. Rb4+ Ke5 50. Rb5+ Kd4 51. Rd6+ Ke3 52. Re5+ Kf4 53. Rxf5+ Kg4 54. Rg6+ Kh4 55. Rxf3 h1Q 56. Rh6+ Kg4 57. Rxh1 Kxf3 58. Ba4 Re5 59. Bc6+ Ke3 60. Rh4 Kd3 61. Kb6 Ke3 62. Kc7 Re6 63. Kd7 Rf6 64. Re4+ Kd3 65. Bd5 Rf5 66. Kd6 Rf8 67. Rh4 Ke3 68. Ke5 Re8+ 69. Be6 Rf8 70. Re4+ Kd3 71. Rb4 Re8 72. Rb3+ Kc2 73. Rh3 Ra8 74. Kd4 Rd8+ 75. Bd5 Rc8 76. Rh2+ Kc1 77. Be4 Rd8+ 78. Ke3 Rd2 79. Rh8 Ra2 80. Bd3 Kb2 81. Rb8+ Kc3 82. Rc8+ Kb2 83. Kd4 Ra4+ 84. Bc4 Ka3 85. Rh8 Rb4 86. Rh2 Rb2 87. Rh3+ Kb4 88. Rh6 Ka3 89. Kc5 Rb7 90. Rh3+ Kb2 91. Kd4 Rd7+ 92. Bd5 Rc7 93. Rb3+ Kc2 94. Ra3 Kc1 95. Bc4 Rd7+ 96. Kc3 Rb7 97. Ra2 Kb1 98. Ra8 Kc1 99. Rg8 Rd7 100. Rg2 Rd8 101. Bd3 Rc8+ 102. Kd4 Rd8+ 103. Ke3 Re8+ 104. Be4 Rd8 105. Rc2+ Kd1 106. Rc7 Re8 107. Rb7 1/2-1/2

[Event "NOR-ch U20"]
[Site "Stavanger"]
[Date "2017.07.03"]
[Round "4"]
[White "Gronn, Eskil Ekeland"]
[Black "Jarve, Edvin"]
[Result "1-0"]
[WhiteElo "1914"]
[BlackElo "1843"]
[PlyCount "101"]
[EventDate "2017.07.01"]
[EventType "swiss"]
[EventRounds "9"]
[EventCountry "NOR"]
[SourceTitle "EXT 2018"]
[Source "ChessBase"]
[SourceDate "2017.10.13"]
[SourceVersion "1"]
[SourceVersionDate "2017.10.13"]
[SourceQuality "1"]

1. d4 Nf6 2. Nf3 d5 3. e3 c5 4. b3 Nc6 5. Bb2 Bg4 6. Bd3 cxd4 7. exd4 e6 8. 0-0 Bd6 9. Nbd2 0-0 10. h3 Bh5 11. g4 Bg6 12. Ne5 Bxd3 13. cxd3 Nd7 14. Qe2 Rc8 15. f4 Ndxe5 16. dxe5 Bc5+ 17. Kh2 Bd4 18. Bxd4 Nxd4 19. Qf2 Qa5 20. Qxd4 Qxd2+ 21. Rf2 Qc3 22. Qxc3 Rxc3 23. Rd1 Rfc8 24. Kg3 Kf8 25. f5 Rc2 26. Rdd2 Rxd2 27. Rxd2 Ke7 28. Kf4 Rc1 29. Rf2 h6 30. Kg3 Rd1 31. f6+ gxf6 32. exf6+ Kf8 33. Rc2 Rxd3+ 34. Kh4 Kg8 35. Rc7 d4 36. Rxb7 Re3 37. Rxa7 d3 38. Rd7 Re2 39. Kh5 Re5+ 40. Kxh6 Rd5 41. Rc7 Rd8 42. Rc1 d2 43. Rd1 Rd4 44. a4 e5 45. Kg5 Kh7 46. a5 e4 47. Kf4 Rd3 48. Kxe4 Rxb3 49. Rxd2 Ra3 50. Rd5 Rxh3 51. Rh5+ 1-0

[Event "Oslo op"]
[Site "Fornebu"]
[Date "2016.10.05"]
[Round "8"]
[White "Notkevich, Benjamin Arvola"]
[Black "Gronn, Eskil Ekeland"]
[Result "1-0"]
[WhiteElo "2346"]
[BlackElo "1958"]
[PlyCount "51"]
[EventDate "2016.09.30"]
[EventType "swiss"]
[EventRounds "9"]
[EventCountry "NOR"]
[SourceTitle "EXT 2017"]
[Source "ChessBase"]
[SourceDate "2016.10.25"]
[SourceVersion "1"]
[SourceVersionDate "2016.10.25"]
[SourceQuality "1"]

1. e4 c5 2. Nf3 d6 3. d4 cxd4 4. Nxd4 Nf6 5. Nc3 Nc6 6. Be2 e5 7. Nb3 h6 8. 0-0 Be7 9. f4 0-0 10. Kh1 Be6 11. Bf3 Qd7 12. f5 Bxb3 13. axb3 Nd4 14. Be3 Nxf3 15. Rxf3 a6 16. Qd2 Ng4 17. Nd5 Nxe3 18. Qxe3 Bg5 19. Qf2 Qd8 20. Rf1 Bf6 21. b4 Rc8 22. b3 b5 23. c3 Rc6 24. Qa7 Qa8 25. Nxf6+ gxf6 26. Qe3 1-0

[Event "Oslo Sveins op 9th"]
[Site "Oslo"]
[Date "2016.06.24"]
[Round "2"]
[White "Vlajkov, Milenko"]
[Black "Gronn, Eskil Ekeland"]
[Result "1/2-1/2"]
[WhiteElo "1600"]
[BlackElo "1901"]
[PlyCount "166"]
[EventDate "2016.06.24"]
[EventType "swiss"]
[EventRounds "9"]
[EventCountry "NOR"]
[SourceTitle "CBM 173 Extra"]
[Source "ChessBase"]
[SourceDate "2016.08.29"]
[SourceVersion "1"]
[SourceVersionDate "2016.08.29"]
[SourceQuality "1"]

1. e4 c5 2. f4 Nc6 3. Nf3 d6 4. Bb5 Bd7 5. 0-0 g6 6. c3 Bg7 7. d4 cxd4 8. cxd4 Qb6 9. Bxc6 bxc6 10. e5 0-0-0 11. Na3 Be6 12. b3 dxe5 13. fxe5 Bxe5 14. Nxe5 Rxd4 15. Qf3 Re4+ 16. Qf2 Rxe5 17. Qxb6 axb6 18. Bb2 Ra5 19. Bxh8 Rxa3 20. Bb2 Ra5 21. Bc3 Ra7 22. b4 Nh6 23. a4 Nf5 24. Rfe1 Kd7 25. a5 bxa5 26. bxa5 Bd5 27. Reb1 Nd6 28. Bd4 Ra8 29. a6 Nb5 30. Bc5 e5 31. a7 f5 32. Kf2 g5 33. Rb4 f4 34. Ra6 e4 35. Rxb5 e3+ 36. Ke1 cxb5 37. Rd6+ Kc7 38. Rxd5 h6 39. Rf5 Kc6 40. Bd4 b4 41. Ke2 b3 42. Rc5+ Kd6 43. Rb5 Rc8 44. Rxb3 Rc2+ 45. Kd3 Rd2+ 46. Kc3 Ra2 47. Rb8 e2 48. Re8 Ra3+ 49. Kb2 Re3 50. a8Q e1Q 51. Rd8+ Ke7 52. Bc5+ Kf6 53. Rf8+ Kg6 54. Rg8+ Kh5 55. Bxe3 Qe2+ 56. Kc3 Qxe3+ 57. Kb2 Qe2+ 58. Kc3 Qe3+ 59. Kc4 Qe2+ 60. Kd4 Qb2+ 61. Kc5 Qc3+ 62. Kd5 Qd3+ 63. Ke5 Qc3+ 64. Kf5 Qc5+ 65. Kf6 Qd4+ 66. Ke6 Qb6+ 67. Kf7 Qc7+ 68. Kf8 Qd6+ 69. Kg7 Qe7+ 70. Kh8 Qe5+ 71. Rg7 Kh4 72. Qc8 Qe3 73. h3 Qe2 74. Qc6 h5 75. Qf6 Qxg2 76. Kh7 f3 77. Kh6 f2 78. Rxg5 Qxg5+ 79. Qxg5+ Kxh3 80. Qxh5+ Kg2 81. Qg4+ Kh1 82. Qf3+ Kg1 83. Qg3+ Kh1 1/2-1/2

[Event "NOR-ch U16"]
[Site "Bergen"]
[Date "2015.11.??"]
[Round "3"]
[White "Gronn, Eskil Ekeland"]
[Black "Ranaldi, Lucas"]
[Result "0-1"]
[WhiteElo "1927"]
[BlackElo "2064"]
[PlyCount "76"]
[EventDate "2015.11.13"]
[EventType "swiss"]
[EventRounds "6"]
[EventCountry "NOR"]
[SourceTitle "EXT 2024"]
[Source "ChessBase"]
[SourceDate "2023.10.10"]
[SourceVersion "1"]
[SourceVersionDate "2023.10.10"]
[SourceQuality "1"]

1. d4 Nf6 2. Nf3 e6 3. Bg5 c5 4. c3 Qb6 5. Qb3 d5 6. Na3 Bd7 7. e3 c4 8. Qxb6 axb6 9. Nc2 Ne4 10. Bf4 Nc6 11. Nd2 Nxd2 12. Kxd2 b5 13. Be2 b4 14. b3 b5 15. cxb4 Nxb4 16. bxc4 bxc4 17. Rhb1 Nxc2 18. Kxc2 e5 19. Bxe5 Bf5+ 20. Kd1 Bxb1 21. Rxb1 f6 22. Bg3 Rxa2 23. Rb8+ Kf7 24. Bf3 Ra5 25. Bc7 Ra1+ 26. Kc2 Ke6 27. Rd8 Ra2+ 28. Kb1 Ra7 29. Bxd5+ Ke7 30. Bb6 Rd7 31. Rxd7+ Kxd7 32. Kc2 Bd6 33. h3 Rb8 34. Ba5 Rb5 35. Bc3 Rxd5 36. e4 Rb5 37. g3 Bb4 38. Bb2 Be1 0-1

[Event "NOR-ch U20"]
[Site "Oslo"]
[Date "2015.07.09"]
[Round "7"]
[White "Gronn, Eskil Ekeland"]
[Black "Machlik, Edit"]
[Result "0-1"]
[WhiteElo "1924"]
[BlackElo "2014"]
[PlyCount "108"]
[EventDate "2015.07.04"]
[EventType "swiss"]
[EventRounds "9"]
[EventCountry "NOR"]
[SourceTitle "EXT 2017"]
[Source "ChessBase"]
[SourceDate "2016.10.25"]
[SourceVersion "1"]
[SourceVersionDate "2016.10.25"]
[SourceQuality "1"]

1. Nf3 Nf6 2. c4 e6 3. g3 a6 4. Bg2 b5 5. Nd4 c6 6. cxb5 axb5 7. Nxb5 cxb5 8. Bxa8 d5 9. b4 Qc7 10. Bb2 Qa7 11. Qc2 Bd7 12. Bxf6 gxf6 13. Bxd5 exd5 14. Nc3 Nc6 15. Nxd5 Qd4 16. Qe4+ Kd8 17. Qxd4 Nxd4 18. Rc1 Bc6 19. Rxc6 Nxc6 20. 0-0 f5 21. Kg2 Kd7 22. Rc1 Bd6 23. a3 h6 24. Nf6+ Kc7 25. Rc3 Rd8 26. Nd5+ Kb7 27. Ne3 Nd4 28. Rd3 Bc7 29. f3 f4 30. gxf4 Nxe2 31. Rxd8 Nxf4+ 32. Kf2 Bxd8 33. Nf5 h5 34. Nd6+ Kc6 35. Nxf7 Bf6 36. Ke3 Ne6 37. Ke4 Bb2 38. Ne5+ Kd6 39. f4 Nxf4 40. Nc4+ bxc4 41. Kxf4 Kd5 42. a4 Be5+ 43. Kg5 Bxh2 44. a5 Bc7 45. Kxh5 Kd4 46. Kg4 Kd3 47. Kf5 Kxd2 48. Ke6 Kc3 49. a6 Bb6 50. Kd5 Kxb4 51. Ke4 Kb3 52. Kf3 c3 53. Ke2 c2 54. a7 Bxa7 0-1

[Event "NOR-ch U20"]
[Site "Oslo"]
[Date "2015.07.08"]
[Round "6"]
[White "Gronn, Eskil Ekeland"]
[Black "Machlik, Monika"]
[Result "0-1"]
[WhiteElo "1924"]
[BlackElo "2042"]
[PlyCount "62"]
[EventDate "2015.07.04"]
[EventType "swiss"]
[EventRounds "9"]
[EventCountry "NOR"]
[SourceTitle "EXT 2017"]
[Source "ChessBase"]
[SourceDate "2016.10.25"]
[SourceVersion "1"]
[SourceVersionDate "2016.10.25"]
[SourceQuality "1"]

1. Nf3 Nf6 2. c4 e6 3. g3 a6 4. Bg2 b5 5. Nd4 c6 6. cxb5 axb5 7. Nxb5 cxb5 8. Bxa8 d5 9. Qc2 Bd7 10. 0-0 Qb6 11. a4 b4 12. b3 Qa6 13. Bxd5 exd5 14. Bb2 Be7 15. d4 0-0 16. Rd1 Ne4 17. Qd3 Qf6 18. Qf3 Qg6 19. Qd3 Bf5 20. Qb5 Qd6 21. f3 Nxg3 22. e4 Nxe4 23. fxe4 Qg6+ 24. Kf1 Bh3+ 25. Ke1 Qxe4+ 26. Qe2 Bh4+ 27. Kd2 Bg5+ 28. Ke1 Qh1+ 29. Kf2 Qg2+ 30. Ke1 Qg1+ 31. Qf1 Qxf1# 0-1

[Event "NOR-ch U20"]
[Site "Oslo"]
[Date "2015.07.07"]
[Round "5"]
[White "Kyrkjebo, Hannah Bakken"]
[Black "Gronn, Eskil Ekeland"]
[Result "0-1"]
[WhiteElo "1711"]
[BlackElo "1924"]
[PlyCount "172"]
[EventDate "2015.07.04"]
[EventType "swiss"]
[EventRounds "9"]
[EventCountry "NOR"]
[SourceTitle "EXT 2017"]
[Source "ChessBase"]
[SourceDate "2016.10.25"]
[SourceVersion "1"]
[SourceVersionDate "2016.10.25"]
[SourceQuality "1"]

1. e4 c5 2. Nc3 Nc6 3. Bb5 Na5 4. f4 a6 5. Be2 b5 6. d3 Bb7 7. Nf3 e6 8. 0-0 Nf6 9. h3 Be7 10. Be3 d5 11. e5 Nh5 12. d4 Ng3 13. Re1 b4 14. Na4 c4 15. b3 Nxe2+ 16. Qxe2 Bc6 17. Nb2 Bb5 18. Qd1 0-0 19. Kh2 Rc8 20. Rc1 Rc6 21. Rg1 Qc7 22. Qe1 Rc8 23. Qg3 cxb3 24. cxb3 Rxc1 25. Rxc1 Qd7 26. Qe1 Nc6 27. Qd2 Nb8 28. Rxc8+ Qxc8 29. Nd3 Bxd3 30. Qxd3 Qc3 31. Qd2 Qxd2 32. Bxd2 Kf8 33. Kg3 Ke8 34. Kg4 a5 35. f5 Nc6 36. fxe6 fxe6 37. Be3 Kd7 38. Ng1 Bd8 39. Ne2 Bb6 40. Kf3 Kc8 41. g4 Kd7 42. Bg1 Ke7 43. Kf4 Kf7 44. h4 Ke7 45. h5 Na7 46. Ke3 Nb5 47. Kd3 Kf7 48. Be3 Na7 49. Ng3 Nc6 50. Ne2 Bd8 51. g5 Ne7 52. Ng3 g6 53. Bd2 Nf5 54. Nxf5 exf5 55. h6 f4 56. Bxf4 Ke6 57. Ke3 Kf5 58. Kf3 Bxg5 59. e6 Be7 60. Bc7 Kxe6 61. Bxa5 Kf5 62. Bc7 g5 63. Be5 g4+ 64. Kg3 Bg5 65. Bd6 Bd2 66. Bf8 Be1+ 67. Kg2 Ke4 68. Bc5 g3 69. Bb6 Kd3 70. Bc5 Kc3 71. a4 bxa3 72. Bxa3 Kxb3 73. Bc5 Kc4 74. Bb6 Bf2 75. Bc7 Kxd4 76. Bb6+ Kc3 77. Ba5+ Kc4 78. Bd2 d4 79. Kf3 Kd3 80. Bg5 Kc2 81. Ke2 d3+ 82. Kf1 d2 83. Bxd2 Kxd2 84. Kg2 Ke3 85. Kf1 Kf4 86. Kg2 Kg5 0-1

[Event "NOR-ch U20"]
[Site "Oslo"]
[Date "2015.07.04"]
[Round "9"]
[White "Gronn, Eskil Ekeland"]
[Black "Unhjem, Bjorn Robert Lovoll"]
[Result "1-0"]
[WhiteElo "1924"]
[BlackElo "1361"]
[PlyCount "49"]
[EventDate "2015.07.04"]
[EventType "swiss"]
[EventRounds "9"]
[EventCountry "NOR"]
[SourceTitle "EXT 2017"]
[Source "ChessBase"]
[SourceDate "2016.10.25"]
[SourceVersion "1"]
[SourceVersionDate "2016.10.25"]
[SourceQuality "1"]

1. d4 Nf6 2. Nc3 d5 3. Bg5 e6 4. e4 dxe4 5. Nxe4 Be7 6. Bxf6 Bxf6 7. Nf3 Be7 8. Qd2 0-0 9. 0-0-0 b6 10. Bd3 h6 11. Ne5 Bb7 12. Rhg1 Qxd4 13. Nf3 Qd7 14. Kb1 Rd8 15. Qf4 Qe8 16. g4 c5 17. g5 h5 18. Qh4 g6 19. Ne5 Nc6 20. Nxc6 Bxc6 21. Nf6+ Bxf6 22. gxf6 Bf3 23. Qf4 Bxd1 24. Bxg6 Bg4 25. Qh6 1-0

[Event "Oslo Sveins op 8th"]
[Site "Oslo"]
[Date "2015.06.21"]
[Round "4"]
[White "Gronn, Eskil Ekeland"]
[Black "Mihajlov, Sebastian"]
[Result "0-1"]
[WhiteElo "1976"]
[BlackElo "2265"]
[PlyCount "60"]
[EventDate "2015.06.19"]
[EventType "swiss"]
[EventRounds "9"]
[EventCountry "NOR"]
[SourceTitle "CBM 167 Extra"]
[Source "ChessBase"]
[SourceDate "2015.09.14"]
[SourceVersion "1"]
[SourceVersionDate "2015.09.14"]
[SourceQuality "1"]

1. d4 d5 2. Nf3 Nf6 3. Bf4 g6 4. Nc3 Bg7 5. Qd2 c6 6. a4 Bf5 7. Nh4 Be6 8. Bh6 Bxh6 9. Qxh6 Qb6 10. 0-0-0 Ng4 11. Qg7 Rf8 12. e4 Nxf2 13. exd5 cxd5 14. Qxh7 Nxd1 15. Bb5+ Nc6 16. Rxd1 0-0-0 17. Bxc6 Rh8 18. Qg7 Rxh4 19. Bb5 Rxh2 20. Ne2 Qc7 21. Rd3 Kb8 22. Rc3 Qd6 23. g3 Bf5 24. Nf4 a6 25. Be2 Rdh8 26. Qxf7 e5 27. dxe5 Qxe5 28. Rb3 Rh1+ 29. Bd1 Rxd1+ 30. Kxd1 Rh1+ 0-1

[Event "Oslo Sveins op 8th"]
[Site "Oslo"]
[Date "2015.06.20"]
[Round "3"]
[White "Taranger, Rune"]
[Black "Gronn, Eskil Ekeland"]
[Result "0-1"]
[WhiteElo "1680"]
[BlackElo "1976"]
[PlyCount "66"]
[EventDate "2015.06.19"]
[EventType "swiss"]
[EventRounds "9"]
[EventCountry "NOR"]
[SourceTitle "CBM 167 Extra"]
[Source "ChessBase"]
[SourceDate "2015.09.14"]
[SourceVersion "1"]
[SourceVersionDate "2015.09.14"]
[SourceQuality "1"]

1. e4 c5 2. c4 d6 3. Nc3 g6 4. g3 Bg7 5. Bg2 Nc6 6. Nge2 Ne5 7. d3 Bg4 8. f4 Nf3+ 9. Kf2 Nd4 10. h3 Bd7 11. Kg1 Rb8 12. Rb1 a6 13. Kh2 b5 14. Nxd4 Bxd4 15. Ne2 Bg7 16. b3 Nf6 17. Bb2 0-0 18. g4 Qa5 19. g5 Nh5 20. Bxg7 Kxg7 21. Bf3 bxc4 22. Bxh5 gxh5 23. Ng3 Qxa2+ 24. Kg1 Rxb3 25. Rxb3 Qxb3 26. Qxh5 Qb1+ 27. Kh2 Qc2+ 28. Kg1 Qc1+ 29. Kg2 Qd2+ 30. Kg1 Rb8 31. Nf1 Rb1 32. Rh2 Qxd3 33. Rf2 Bxh3 0-1

[Event "NOR-ch U16"]
[Site "Stavanger/Sandnes"]
[Date "2014.11.??"]
[Round "3"]
[White "Gronn, Eskil Ekeland"]
[Black "Hauge, Lars Oskar"]
[Result "0-1"]
[WhiteElo "1952"]
[BlackElo "2342"]
[PlyCount "78"]
[EventDate "2014.11.14"]
[EventType "swiss"]
[EventRounds "6"]
[EventCountry "NOR"]
[SourceTitle "EXT 2024"]
[Source "ChessBase"]
[SourceDate "2023.10.10"]
[SourceVersion "1"]
[SourceVersionDate "2023.10.10"]
[SourceQuality "1"]

1. d4 Nf6 2. Nf3 e6 3. Bg5 c5 4. e3 Be7 5. Nbd2 cxd4 6. exd4 b6 7. Bd3 Bb7 8. 0-0 0-0 9. Re1 d6 10. c3 Nbd7 11. Qc2 h6 12. Bh4 Nd5 13. Bg3 Rc8 14. a3 a6 15. Ne4 N7f6 16. Qe2 Ra8 17. c4 Nc7 18. Nxf6+ Bxf6 19. Be4 Bxe4 20. Qxe4 Qd7 21. b3 d5 22. Qf4 Rac8 23. Ne5 Bxe5 24. Qxe5 dxc4 25. bxc4 Rfd8 26. Re4 Ne8 27. Bh4 f6 28. Qxe6+ Qxe6 29. Rxe6 Rxc4 30. Rd1 Rcxd4 31. Rxd4 Rxd4 32. f4 Nd6 33. h3 Kf7 34. Re3 Nf5 35. Rb3 Nxh4 36. Rxb6 Ra4 37. Rb3 Nf5 38. g3 Nd4 39. Rd3 Nb5 0-1

[Event "EU-ch U16 24th"]
[Site "Batumi"]
[Date "2014.10.22"]
[Round "4"]
[White "Portela Peleteiro, Alberto"]
[Black "Gronn, Eskil Ekeland"]
[Result "1-0"]
[WhiteElo "2192"]
[BlackElo "2015"]
[PlyCount "67"]
[EventDate "2014.10.19"]
[EventType "swiss"]
[EventRounds "9"]
[EventCountry "GEO"]
[SourceTitle "EXT 2015"]
[Source "ChessBase"]
[SourceDate "2014.11.20"]
[SourceVersion "1"]
[SourceVersionDate "2014.11.20"]
[SourceQuality "1"]

1. e4 c5 2. Nf3 d6 3. d4 cxd4 4. Nxd4 Nf6 5. Nc3 Nc6 6. Bg5 Bd7 7. Qd2 Rc8 8. f4 Nxd4 9. Qxd4 Qa5 10. 0-0-0 h6 11. Bxf6 gxf6 12. Kb1 Rg8 13. g3 f5 14. e5 Bg7 15. Bg2 Bc6 16. Bxc6+ bxc6 17. Rhe1 Rb8 18. Qc4 Qb6 19. b3 d5 20. Qd3 e6 21. g4 fxg4 22. f5 Qc7 23. Re2 Bxe5 24. fxe6 f6 25. Na4 Qe7 26. Nc5 Rb5 27. Nd7 Qxe6 28. a4 Rb4 29. Qd2 Rxa4 30. Nxe5 fxe5 31. bxa4 Kd7 32. Re3 Rb8+ 33. Rb3 Rxb3+ 34. cxb3 1-0

[Event "EU-ch U16 24th"]
[Site "Batumi"]
[Date "2014.10.21"]
[Round "3"]
[White "Gronn, Eskil Ekeland"]
[Black "Satre, Mathias"]
[Result "1-0"]
[WhiteElo "2015"]
[BlackElo "1795"]
[PlyCount "61"]
[EventDate "2014.10.19"]
[EventType "swiss"]
[EventRounds "9"]
[EventCountry "GEO"]
[SourceTitle "EXT 2015"]
[Source "ChessBase"]
[SourceDate "2014.11.20"]
[SourceVersion "1"]
[SourceVersionDate "2014.11.20"]
[SourceQuality "1"]

1. d4 Nf6 2. Nf3 g6 3. Nc3 Bg7 4. e4 d6 5. Be3 0-0 6. h3 Nbd7 7. Qd2 a6 8. Bh6 c5 9. Bxg7 Kxg7 10. e5 Ne8 11. e6 fxe6 12. dxc5 Nxc5 13. b4 Nd7 14. h4 Ndf6 15. Bd3 Nc7 16. h5 Rh8 17. Qg5 Qe8 18. h6+ Kf7 19. Nh4 Qg8 20. Rh3 e5 21. Rf3 Bf5 22. Nxf5 gxf5 23. Qxf5 Qxg2 24. Ne4 Ncd5 25. Bc4 Ke8 26. Bxd5 Nxd5 27. 0-0-0 Qg8 28. Rg3 Qf8 29. Qxf8+ Rxf8 30. Rxd5 Rf4 31. Rg8+ 1-0

[Event "NOR-ch U14"]
[Site "Hamar"]
[Date "2013.11.16"]
[Round "4"]
[White "Gronn, Eskil Ekeland"]
[Black "Vatnestrom, Leo Andreas Giske"]
[Result "1-0"]
[WhiteElo "1768"]
[BlackElo "1016"]
[PlyCount "41"]
[EventDate "2013.11.15"]
[EventType "swiss"]
[EventRounds "7"]
[EventCountry "NOR"]
[SourceTitle "EXT 2024"]
[Source "ChessBase"]
[SourceDate "2023.10.10"]
[SourceVersion "1"]
[SourceVersionDate "2023.10.10"]
[SourceQuality "1"]

1. d4 Nf6 2. Nc3 d5 3. Bg5 e6 4. e4 dxe4 5. Nxe4 Be7 6. Bxf6 Bxf6 7. Nf3 0-0 8. Qd2 b6 9. 0-0-0 Bb7 10. Nxf6+ Qxf6 11. Bd3 Nd7 12. h4 c5 13. Kb1 Rfc8 14. h5 Bxf3 15. gxf3 cxd4 16. Rdg1 Ne5 17. Be4 Nxf3 18. Bxf3 Qxf3 19. Qg5 g6 20. Qh6 Qxf2 21. hxg6 1-0

[Event "Oslo Vederhus Memorial op B"]
[Site "Oslo"]
[Date "2013.09.29"]
[Round "4"]
[White "Gronn, Eskil Ekeland"]
[Black "Harstad, Christian"]
[Result "0-1"]
[WhiteElo "1866"]
[BlackElo "1917"]
[PlyCount "58"]
[EventDate "2013.09.29"]
[EventType "swiss"]
[EventRounds "9"]
[EventCountry "NOR"]
[SourceTitle "EXT 2024"]
[Source "ChessBase"]
[SourceDate "2023.10.10"]
[SourceVersion "1"]
[SourceVersionDate "2023.10.10"]
[SourceQuality "1"]

1. d4 d6 2. Nc3 Nf6 3. e4 c6 4. f4 Qa5 5. Bd3 e5 6. Nf3 exd4 7. Nxd4 g6 8. Nb3 Qb6 9. h3 Bg7 10. Qf3 0-0 11. Be3 Qc7 12. 0-0-0 Re8 13. g4 b5 14. Bxb5 Ba6 15. Bd3 Bxd3 16. cxd3 a5 17. g5 Nfd7 18. Bd4 a4 19. Bxg7 axb3 20. Bd4 bxa2 21. Kc2 Na6 22. h4 Nb4+ 23. Kd2 c5 24. Bf6 Nxf6 25. gxf6 Qd8 26. e5 dxe5 27. Ne4 Qd4 28. Qg3 exf4 29. Qh3 Rxe4 0-1

[Event "Oslo Vederhus Memorial op B"]
[Site "Oslo"]
[Date "2013.09.29"]
[Round "5"]
[White "Torgersen, Terje"]
[Black "Gronn, Eskil Ekeland"]
[Result "1-0"]
[WhiteElo "1977"]
[BlackElo "1866"]
[PlyCount "79"]
[EventDate "2013.09.29"]
[EventType "swiss"]
[EventRounds "9"]
[EventCountry "NOR"]
[SourceTitle "EXT 2024"]
[Source "ChessBase"]
[SourceDate "2023.10.10"]
[SourceVersion "1"]
[SourceVersionDate "2023.10.10"]
[SourceQuality "1"]

1. e4 c5 2. d4 g6 3. dxc5 Bg7 4. Nc3 Qa5 5. Bd2 Qxc5 6. Nd5 Na6 7. Be3 Qa5+ 8. b4 Qd8 9. Bxa6 bxa6 10. Bd4 e5 11. Be3 h6 12. Ne2 Ne7 13. Nxe7 Qxe7 14. Bc5 Qe6 15. Qd6 Qxd6 16. Bxd6 Bb7 17. f3 Rc8 18. 0-0-0 f6 19. Kb2 Bf8 20. Kb3 Bxd6 21. Rxd6 Rc6 22. Rxc6 Bxc6 23. c4 Ke7 24. Nc3 Rc8 25. Re1 Ke6 26. a4 f5 27. b5 axb5 28. axb5 Rb8 29. Ra1 d6 30. Rxa7 Bb7 31. Nd5 f4 32. Nc7+ Kf6 33. Na6 Bxa6 34. Rxa6 Ke6 35. Kb4 Rc8 36. Rc6 Ra8 37. c5 Ra2 38. Rxd6+ Kf7 39. c6 Rb2+ 40. Ka5 1-0